| 000 | 00381pab a2200145 454500 | ||
|---|---|---|---|
| 008 | 180718b1998 xxu||||| |||| 00| 0 eng d | ||
| 100 | _aAgarwal, Rashmi | ||
| 245 | _aISO 14000 and environmental management systems | ||
| 260 | _c1998 | ||
| 300 | _ap.123-33 | ||
| 362 | _aDec | ||
| 650 | _aEnvironmental management | ||
| 773 | _aTrends in Social Science Research | ||
| 909 | _a46677 | ||
| 999 |
_c46677 _d46677 |
||